व्यक्तित्व विकास : (Record no. 112940)

MARC details
000 -LEADER
fixed length control field 01063nam a22002417a 4500
005 - DATE AND TIME OF LATEST TRANSACTION
control field 20170124102946.0
010 ## - LIBRARY OF CONGRESS CONTROL NUMBER
LC control number B-235735
020 ## - INTERNATIONAL STANDARD BOOK NUMBER
Terms of availability 200.00
035 ## - SYSTEM CONTROL NUMBER
System control number B-235735
037 ## - SOURCE OF ACQUISITION
Source of stock number/acquisition Cen Lib/Ret
040 ## - CATALOGING SOURCE
Original cataloging agency DPL
Language of cataloging HN
082 ## - DEWEY DECIMAL CLASSIFICATION NUMBER
Classification number 921
Item number लालाह
100 ## - MAIN ENTRY--PERSONAL NAME
Personal name लाला हरदयाल
9 (RLIN) 210
245 ## - TITLE STATEMENT
Title व्यक्तित्व विकास :
Statement of responsibility, etc लाला हरदयाल; अनुवादक सत्यपाल विज
Remainder of title संघर्ष और सफलता /
246 ## - VARYING FORM OF TITLE
Title proper/short title Vyaktittv vikas : sangharsh or safalta /
Remainder of title by Lala Hardayal; anuvadak Satypal Vij
260 ## - PUBLICATION, DISTRIBUTION, ETC. (IMPRINT)
Place of publication, distribution, etc नयी दिल्ली
Name of publisher, distributor, etc किताबघर
Date of publication, distribution, etc 2007
270 ## - ADDRESS
Address 24/4855, अंसारी रोड, दरयागंज
City नयी दिल्ली
Postal code 110002
300 ## - PHYSICAL DESCRIPTION
Extent 332पृ.
Dimensions 20सेमी(सजिल्द )
650 ## - SUBJECT ADDED ENTRY--TOPICAL TERM
Topical term or geographic name as entry element जीवनी
General subdivision
Geographic subdivision
9 (RLIN) 49928
650 ## - SUBJECT ADDED ENTRY--TOPICAL TERM
Topical term or geographic name as entry element Biography
9 (RLIN) 7490
700 ## - ADDED ENTRY--PERSONAL NAME
Personal name विज, सत्यपाल
9 (RLIN) 43761
942 ## - ADDED ENTRY ELEMENTS (KOHA)
Source of classification or shelving scheme Dewey Decimal Classification
Koha item type Hindi Books
Classification part 921
Call number suffix लालाह
Holdings
Withdrawn status Lost status Damaged status Not for loan Home library Current library Date acquired Source of acquisition Cost, normal purchase price Total Checkouts Full call number Barcode Date last seen Date checked out Copy number Cost, replacement price Price effective from Koha item type
        Central Library Central Library 11/08/2015 Cen Lib/Ret 200.00 2 921 लालाह B-235735 09/05/2017 25/04/2017 1 200.00 11/08/2015 Hindi Books

© Delhi Public Library
Hit Counter
free hit counter